| 000 | 00966nas a2200301 4500 | ||
|---|---|---|---|
| 001 | BR2014007880 | ||
| 003 | BR-BrBNA | ||
| 005 | 20231205124817.0 | ||
| 007 | ta | ||
| 008 | 230509b bl.|||p| |||| 00| 00por d | ||
| 040 |
_aBR-BrBNA _bpor _cBiblioteca Nacional de Agricultura |
||
| 041 | _a(En) | ||
| 072 | _aL01 | ||
| 100 | 1 | _aAbreu, P.G. de | |
| 100 | 1 | _aAbreu, V.M.N. | |
| 100 | 1 | _aColdebella, A. | |
| 100 | 1 | _aJaenisch, F.R.F. | |
| 100 | 1 | _aPaiva, D.P. de | |
| 245 | 1 | _aEvaluation of litter material and ventilation systems on poultry production: II. thermal comfort | |
| 650 | _aFRANGO DE CORTE | ||
| 650 | _aINSTALAÇÃO PARA ANIMAL | ||
| 650 | _aVENTILAÇÃO | ||
| 650 | _aPRODUÇÃO ANIMAL | ||
| 773 | 0 |
_tRevista Brasileira de Zootecnia (Brazil) _xISSN 1806-9290 _g(Jun 2011), v. 40(6) p. 1356-1363 _wBR2014007880 |
|
| 856 | 4 | 0 | _uhttp://www.scielo.br/pdf/rbz/v40n6/26.pdf |
| 909 |
_a202311 _bLúcia _c55 _dLúcia Elande |
||
| 942 |
_2AGRIS _n0 _cANA |
||
| 999 |
_c241019 _d241019 |
||